Los senderos y el bosque (Record no. 169345)

MARC details
000 -LEADER
campo de control de longitud fija 00878nam a2200253 i 4500
001 - NÚMERO DE CONTROL
campo de control 169345
003 - IDENTIFICADOR DE NÚMERO DE CONTROL
campo de control ES-MaACL
005 - FECHA Y HORA DE LA ÚLTIMA TRANSACCIÓN
campo de control 20250911062846.0
008 - DATOS DE LONGITUD FIJA--INFORMACIÓN GENERAL
campo de control de longitud fija 080901s2008 sp |||| | spa d
017 ## - NÚMERO DE COPYRIGHT O DE DEPÓSITO LEGAL
Número de copyright o de depósito legal M-10.712-2008
020 ## - NÚMERO INTERNACIONAL ESTÁNDAR DEL LIBRO
Número Internacional Estándar del Libro 978-84-7522-678-1
080 ## - NÚMERO DE LA CLASIFICACIÓN DECIMAL UNIVERSAL
Número de la Clasificación Decimal Universal 821.134.2-14"19"(082.2)
245 04 - MENCIÓN DEL TÍTULO
Título Los senderos y el bosque
Resto del título : XX años del Premio Loewe : antología /
Mención de responsabilidad, etc. Luis Antonio de Villena.
260 ## - PUBLICACIÓN, DISTRIBUCIÓN, ETC.
Lugar de publicación, distribución, etc. Madrid :
Nombre del editor, distribuidor, etc. Visor Libros,
Fecha de publicación, distribución, etc. 2008.
300 ## - DESCRIPCIÓN FÍSICA
Extensión 311 p. ;
Dimensiones 20 cm.
490 1# - MENCIÓN DE SERIE
Mención de serie Colección Visor de poesía ;
Designación de volumen o secuencia 678
500 ## - NOTA GENERAL
Nota general Fundación Loewe: Premio Internacional de Poesía.
650 #4 - PUNTO DE ACCESO ADICIONAL DE MATERIA--TÉRMINO DE MATERIA
Término de materia o nombre geográfico como elemento de entrada Poesías españolas-
Subdivisión cronológica S.XX.
9 (RLIN) 16221
700 1# - ENTRADA AGREGADA--NOMBRE PERSONAL
Nombre de persona Villena, Luis Antonio de,
Fechas asociadas al nombre 1951-
9 (RLIN) 240059
710 2# - ENTRADA AGREGADA--NOMBRE DE ENTIDAD CORPORATIVA
Nombre de entidad corporativa o nombre de jurisdicción como elemento de entrada Fundación Loewe.
9 (RLIN) 138427
830 0# - PUNTO DE ACCESO ADICIONAL DE SERIE-TÍTULO UNIFORME
Título uniforme Colección Visor de poesía
Designación de volumen o secuencia 678
9 (RLIN) 177331
852 4# - LOCALIZACIÓN
Ubicación ES-MaACL
Número de control de estantería L-29682
itemnumber R.143496
Holdings
Estatus retirado Estado de pérdida Estado de daño No para préstamo Biblioteca de origen Biblioteca actual Ubicación en estantería Fecha de adquisición Fuente de adquisición Total de préstamos Signatura topográfica completa Código de barras Visto por última vez Precio de reemplazo Tipo de ítem Koha
        Biblioteca del Ateneo de Madrid Biblioteca del Ateneo de Madrid Depósito 2 01/09/2008     L-29682 1177789 23/02/2023 23/02/2023 Libro impreso